明治時代における市制施行地 - Statistics

General Stats
  • This quiz has been taken 235 times
  • The average score is 57 of 64
Answer Stats
地方 市名 施行年月日 % Correct
北海道・東北 仙台市 1889/4/1
98%
北海道・東北 青森市 1898/4/1
97%
北海道・東北 盛岡市 1889/4/1
97%
北海道・東北 山形市 1889/4/1
97%
北海道・東北 福島市 1907/4/1
97%
北海道・東北 秋田市 1889/4/1
96%
関東 横浜市 1889/4/1
96%
関東 宇都宮市 1896/4/1
95%
関東 前橋市 1892/4/1
95%
九州 福岡市 1889/4/1
95%
関東 水戸市 1889/4/1
94%
関東 東京市 1889/5/1
94%
中部 富山市 1889/4/1
94%
中部 金沢市 1889/4/1
94%
中部 名古屋市 1889/10/1
94%
近畿 京都市 1889/4/1
94%
近畿 大阪市 1889/4/1
94%
近畿 神戸市 1889/4/1
94%
近畿 和歌山市 1889/4/1
94%
中国・四国 広島市 1889/4/1
94%
九州 長崎市 1889/4/1
94%
九州 熊本市 1889/4/1
94%
九州 鹿児島市 1889/4/1
94%
関東 高崎市 1900/4/1
93%
中部 新潟市 1889/4/1
93%
中部 長野市 1897/4/1
93%
中部 松本市 1907/5/1
93%
近畿 津市 1889/4/1
93%
近畿 大津市 1898/10/1
93%
中国・四国 松江市 1889/4/1
93%
中国・四国 岡山市 1889/6/1
93%
九州 佐賀市 1889/4/1
93%
中部 静岡市 1889/4/1
92%
中部 浜松市 1911/7/1
92%
近畿 堺市 1889/4/1
92%
中国・四国 鳥取市 1889/10/1
92%
中国・四国 徳島市 1889/10/1
92%
中国・四国 高松市 1890/2/15
92%
中国・四国 松山市 1889/12/15
92%
中国・四国 高知市 1889/4/1
92%
九州 大分市 1911/4/1
92%
中部 福井市 1889/4/1
91%
中部 豊橋市 1906/8/1
90%
近畿 姫路市 1889/4/1
90%
近畿 奈良市 1898/2/1
90%
北海道・東北 弘前市 1889/4/1
89%
中部 長岡市 1906/4/1
89%
中部 高岡市 1889/4/1
89%
近畿 四日市市 1897/8/1
89%
中部 岐阜市 1889/7/1
88%
九州 久留米市 1889/4/1
87%
九州 佐世保市 1902/4/1
87%
北海道・東北 米沢市 1889/4/1
86%
中部 甲府市 1889/7/1
86%
九州 小倉市 1900/4/1
86%
関東 横須賀市 1907/2/15
81%
中国・四国 呉市 1902/10/1
81%
中国・四国 丸亀市 1899/4/1
81%
中国・四国 尾道市 1898/4/1
78%
九州 門司市 1899/4/1
78%
北海道・東北 若松市 1899/4/1
76%
中部 高田市 1911/9/1
64%
中国・四国 赤間関市 1889/4/1
63%
近畿 宇治山田市 1906/9/1
50%
No matching quizzes found
Score Distribution
Percent of People with Each Score
Percentile by Number Answered
Your Score History
You have not taken this quiz